00397nam a2200145Ia 450000500170000000800410001703700130005804000200007104100130009108400180010410000120012224500630013426000450019730000090024220250326123524.0250326s9999 xx 000 0 und d aTextbook aFMSLbengcFMSL aeng2eng aXobw P5qFMSL aRao M G 0aPolitical economy of federalism in IndiacRao M G; Singh N aNew DelhibNew Delhi, Oxford Univ.c2005 a422p